Sejarah melayu STPM : analisis isi dan fungsi

Bibliographic Details
Main Author: Abd.Rahman Kaeh
Other Authors: Zahir Ahmad
Format: Book
Published: Kuala Lumpur : Berita Publishing , 1993
Subjects:

MARC

LEADER 00000cam a2200000 7i4500
001 0000000918
002 000001024
005 20000330.0
020 |a 9679693023 
090 0 0 |a 899.2809   |b ABD 
100 0 |a Abd.Rahman Kaeh 
245 1 0 |a Sejarah melayu STPM :   |b analisis isi dan fungsi   |c Abd. Rahman Kaeh dan Zahir Ahmad 
260 |a Kuala Lumpur :   |b Berita Publishing ,   |c 1993 
300 |a 152p ;   |c 23cm. 
650 0 0 |a History   |x STPM 
700 0 |a Zahir Ahmad   |f M.A 
999 |a 029419   |b BUKU   |c PINJAMAN   |e PERPUSTAKAAN KOMUNITI PETALING JAYA 
999 |a 029420   |b BUKU   |c PINJAMAN   |e PERPUSTAKAAN KOMUNITI PETALING JAYA 
999 |a 029421   |b BUKU   |c PINJAMAN   |e PERPUSTAKAAN KOMUNITI PETALING JAYA